| 000 | nam a22 7a 4500 | ||
|---|---|---|---|
| 999 |
_c330830 _d330830 |
||
| 003 | NUST | ||
| 005 | 20170811110253.0 | ||
| 008 | 170811b xxu||||| |||| 00| 0 eng d | ||
| 040 | _cNUST | ||
| 082 |
_a891.49109 _bSHA |
||
| 100 |
_aSyed Fazal Shah _93897 |
||
| 245 |
_aSohni Mahiwal/ _cby Syed Fazal Shah, tehqeq o tadven ma'a urdu nasri tarjuma: Hameed Ullah Shah Hashmi |
||
| 260 |
_aLahore: _bMaktaba Daniyal, |
||
| 300 | _a230 p. | ||
| 500 | _aPoetry | ||
| 650 |
_aUrdu Literature _9347 |
||
| 880 |
_6100-01\(3\r _aسید فضل شاہ |
||
| 880 |
_6245-02\(3\r _aسوہنی مہینوال _cسید فضل شاہ، تحقیق و تدوین مع اردو نثری ترجمہ: حمید اللہ شاہ ہاشمی |
||
| 880 |
_6260-03\(3\r _aلاہور: _bمکتبہ دانیال، |
||
| 942 |
_2ddc _cBK |
||